21 Lessons for the 21st Century (Record no. 1595)

MARC details
000 -LEADER
fixed length control field 00626 a2200181 4500
003 - CONTROL NUMBER IDENTIFIER
control field OSt
005 - DATE AND TIME OF LATEST TRANSACTION
control field 20211206163347.0
008 - FIXED-LENGTH DATA ELEMENTS--GENERAL INFORMATION
fixed length control field 190207b ||||| |||| 00| 0 eng d
020 0# - INTERNATIONAL STANDARD BOOK NUMBER
International Standard Book Number 9780525512172
040 ## - CATALOGING SOURCE
Transcribing agency IIMV
082 0# - DEWEY DECIMAL CLASSIFICATION NUMBER
Classification number 909.83
Item number HAR
100 ## - MAIN ENTRY--PERSONAL NAME
Personal name Harari, Yuval Noah
Relator term Author
9 (RLIN) 890
245 0# - TITLE STATEMENT
Title 21 Lessons for the 21st Century
Statement of responsibility, etc. by Yuval Noah Harari
260 ## - PUBLICATION, DISTRIBUTION, ETC.
Name of publisher, distributor, etc. Penguin Random House
Date of publication, distribution, etc. 2018
Place of publication, distribution, etc. London
300 ## - PHYSICAL DESCRIPTION
Extent xv, 352 pages:
Other physical details Illustrations;
Dimensions 24 cms.
505 ## - FORMATTED CONTENTS NOTE
Formatted contents note Part 1: Technological challenges<br/>Part 2: The political challenges<br/>Part 3: Despair and Hope<br/>Part 4: Truth<br/>Part 5: Resilience
942 ## - ADDED ENTRY ELEMENTS (KOHA)
Source of classification or shelving scheme Dewey Decimal Classification
Koha item type Book
Holdings
Date last seen Total Checkouts Total Renewals Full call number Barcode Date last checked out Cost, replacement price Price effective from Koha item type Lost status Source of classification or shelving scheme Damaged status Not for loan Collection code Withdrawn status Home library Current library Shelving location Date acquired Source of acquisition
03/25/2026 11 3 909.83 HAR 001054 03/12/2026 799.00 02/05/2019 Book   Dewey Decimal Classification     Fiction   Indian Institute of Management Visakhapatnam Indian Institute of Management Visakhapatnam General 02/05/2019 2
01/29/2026 7   909.83 HAR 001409 01/13/2026 599.00 06/30/2022 Book   Dewey Decimal Classification         Indian Institute of Management Visakhapatnam Indian Institute of Management Visakhapatnam   06/30/2022  

Copyright © 2024 Indian Institute of Management Visakhapatnam
Koha v23.05